000 01038nam a2200241Ia 4500
008 161108s9999 xx 000 0 und d
020 _a9789585937826
100 _aDahl, Roald, 1916-1990
245 _aLa maravillosa medicina de Jorge /
_c Roald Dahl ; ilustraciones de Quentin Blake ; traducido por Maribel de Juan
250 _aPrimera edición, 1a reimpresión
300 _a137 páginas :
_b ilustraciones en blanco y negro ;
_c 20 cm
490 _aRoald Dahl : + 10
500 _aTítulo original: George´s marvellous medicine
650 _aLiteratura Infantil Inglesa / Novela Infantil Inglesa / Autores Ingleses / Animales De La Granja - Novela / Poderes Magicos - Novela / Abuelas - Novela / Humor - Novela / Desde Los 6 A{Aelig}Os
700 _aBlake, Quentin \\ Juan, Maribel de
264 _aBogotá :
_b Loqueleo
336 _atexto
_btxt
_2rdacontent
337 _asin mediación
_bn
_2rdamedia
338 _avolumen
_bnc
_2rdacarrier
040 _aCO-BoRNBP
_bspa
_erda
_cCO-BoRNBP
084 _aN DAH1
942 _2loc
999 _c7409
_d7409